000 00430nam a2200181Ia 4500
001 16670
005 20260306170327.0
008 260306t2012||||xx |||||||||||||| ||und||
041 _aESP
082 _a349.1
_bF41
100 _aFernández de Buján, Antonio
_eAUT
245 0 _aDerecho público romano
260 _c2012
300 _a446 páginas :
_c24 cm.
650 _aGEN
654 _aCDE
942 _cLIB
_dJUS
_fJUS
_2ddc
_n
999 _c16670
_d16670